Zur unerlaubten Ausübung der Heilkunde durch gerichtspsychologische Institute in Sorgerechtsverfahren

Guardado en:  
Detalles Bibliográficos
Autor principal: Ullmann, Christian (Autor)
Tipo de documento: Print Artículo
Lenguaje:Alemán
Publicado: 1989
En: Zentralblatt für Jugendrecht
Año: 1989, Volumen: 76, Número: 2, Páginas: 70-71
Verificar disponibilidad: HBZ Gateway
Palabras clave:

MARC

LEADER 00000caa a22000002c 4500
001 1631415379
003 DE-627
005 20220607125423.0
007 tu
008 130314s1989 xx ||||| 00| ||ger c
035 |a (DE-627)1631415379 
035 |a (DE-576)379980754 
035 |a (DE-599)BSZ379980754 
040 |a DE-627  |b ger  |c DE-627  |e rakwb 
041 |a ger 
100 1 |a Ullmann, Christian  |4 aut 
245 1 0 |a Zur unerlaubten Ausübung der Heilkunde durch gerichtspsychologische Institute in Sorgerechtsverfahren  |c Christian Ullmann 
264 1 |c 1989 
336 |a Text  |b txt  |2 rdacontent 
337 |a ohne Hilfsmittel zu benutzen  |b n  |2 rdamedia 
338 |a Band  |b nc  |2 rdacarrier 
773 0 8 |i In  |t Zentralblatt für Jugendrecht  |d Köln : Bundesanzeiger-Verl.-Ges., 1984  |g 76(1989), 2, Seite 70-71  |w (DE-627)130396133  |w (DE-600)602443-9  |w (DE-576)015898326  |x 0176-6449  |7 nnas 
773 1 8 |g volume:76  |g year:1989  |g number:2  |g pages:70-71 
951 |a AR 
ELC |b 1 
LOK |0 000 xxxxxcx a22 zn 4500 
LOK |0 001 3282153295 
LOK |0 003 DE-627 
LOK |0 004 1631415379 
LOK |0 005 20260227093120 
LOK |0 008 130314||||||||||||||||ger||||||| 
LOK |0 040   |a DE-21-110  |c DE-627  |d DE-21-110 
LOK |0 689   |a s  |a Sorgerechtsgutachten 
LOK |0 689   |a s  |a Forensische Psychologie 
LOK |0 852   |z Kein Bestand am IfK; Nachweis für KrimDok 
LOK |0 852   |a DE-21-110 
LOK |0 852 1  |m v  |9 00 
LOK |0 935   |a k110 
LOK |0 938   |k v 
LOK |0 939   |a 14-03-13  |b l01 
ORI |a WA-MARC-krimdoka001.raw